[Event "Memorial Nicola Palladino A"]
[Site "Milano ITA"]
[Date "2010.04.04"]
[Round "4"]
[White "Gonella, Daniele"]
[Black "Krstic, Dragan"]
[Result "1-0"]
[WhiteElo "1918"]
[BlackElo "1763"]
[PlyCount "97"]
[EventDate "2010.04.01"]

1. e4 g6 2. d4 Bg7 3. Nf3 d6 4. Be3 Nf6 5. Nbd2 Ng4 6. Bf4 e5 7. dxe5 dxe5 8.
Bg3 Qe7 9. h3 Nh6 10. Bh4 f6 11. Bc4 Be6 12. c3 Nd7 13. Bxe6 Qxe6 14. Qb3 Qxb3
15. Nxb3 b6 16. O-O-O Nf7 17. Nfd2 Bh6 18. Kc2 Nd6 19. f3 a5 20. a4 Rd8 21.
Rhe1 Kf7 22. Bf2 Nf8 23. Nc4 Ke7 24. Nxd6 Rxd6 25. Rxd6 Kxd6 26. Rd1+ Ke7 27.
c4 c5 28. Nc1 Ne6 29. Ne2 Nd4+ 30. Bxd4 exd4 31. Kd3 Re8 32. f4 Bg7 33. g4 Ke6
34. Rf1 Rf8 35. f5+ Ke5 36. Nf4 g5 37. Nd5 Rb8 38. Ra1 Bf8 39. Ra3 Bd6 40. Rb3
Rb7 41. Rxb6 Rxb6 42. Nxb6 Kf4 43. Nd5+ Ke5 44. Ke2 h6 45. Kf3 Bf8 46. Nc7 Be7
47. Ne6 Bd6 48. Nd8 d3 49. Nc6# 1-0

[Event "Memorial Nicola Palladino A"]
[Site "Milano ITA"]
[Date "2010.04.04"]
[Round "4"]
[White "Kruis, Rudy"]
[Black "Di Chiara, Mauro"]
[Result "1-0"]
[WhiteElo "1938"]
[BlackElo "1868"]
[PlyCount "141"]
[EventDate "2010.04.01"]

1. Nf3 Nf6 2. c4 d6 3. Nc3 g6 4. g3 Bg7 5. Bg2 O-O 6. d4 Nc6 7. O-O Bf5 8. a3
Ne4 9. Nd5 e5 10. dxe5 dxe5 11. Nh4 Nd6 12. c5 Ne4 13. Nxf5 gxf5 14. b4 Nd4 15.
Bxe4 fxe4 16. Nc3 f5 17. Ra2 c6 18. Kh1 Qe8 19. Rg1 Rd8 20. Qf1 Qh5 21. Qg2 Ne6
22. g4 Qxg4 23. Qxg4 fxg4 24. Nxe4 h5 25. Be3 Nf4 26. Rc2 Nh3 27. Rf1 Kh7 28.
Kg2 Bh6 29. Bxh6 Kxh6 30. Nd6 Nf4+ 31. Kh1 Nd5 32. Nxb7 Rd7 33. Na5 Ne3 34.
Rfc1 Nxc2 35. Rxc2 Rxf2 36. Kg1 Rdf7 37. Rc1 R2f6 38. Nc4 Re7 39. Rd1 Kg5 40.
Nd6 Kh4 41. e4 Kg5 42. Nf5 Ref7 43. Rd8 Kf4 44. Rh8 Rxf5 45. exf5 Rxf5 46. Rh6
e4 47. Rxc6 e3 48. Kf1 Ke4+ 49. Ke1 Kd3 50. Rd6+ Kc4 51. c6 Rf8 52. Ke2 Kb5 53.
Kxe3 h4 54. c7 Rc8 55. Rd5+ Kb6 56. Rc5 a5 57. Rxa5 Rxc7 58. Rd5 Rc2 59. Kf4
Rxh2 60. Kxg4 Ra2 61. Rd3 Kb5 62. Kxh4 Rf2 63. Kg3 Rf1 64. Rf3 Rb1 65. Kf4 Re1
66. Re3 Rd1 67. Ke4 Rd8 68. Rd3 Re8+ 69. Kd4 Rd8+ 70. Kc3 Rc8+ 71. Kb3 1-0

[Event "Memorial Nicola Palladino A"]
[Site "Milano ITA"]
[Date "2010.04.04"]
[Round "4"]
[White "Pelizzola, Danilo"]
[Black "Virzi, Ettore"]
[Result "1/2-1/2"]
[WhiteElo "2106"]
[BlackElo "1999"]
[PlyCount "145"]
[EventDate "2010.04.01"]

1. e4 e5 2. Nf3 Nc6 3. Bb5 a6 4. Ba4 Nf6 5. O-O b5 6. Bb3 Bc5 7. d3 d6 8. c3
O-O 9. Be3 Bxe3 10. fxe3 Be6 11. Nbd2 Qe7 12. Qc2 Na5 13. d4 Nxb3 14. axb3 exd4
15. exd4 c5 16. Rae1 cxd4 17. Nxd4 Ng4 18. Qd3 Qh4 19. N2f3 Ne5 20. Qe3 Qe7 21.
Nf5 Qa7 22. N3d4 Bxf5 23. Nxf5 Nd3 24. Rd1 Qxe3+ 25. Nxe3 Nc5 26. Rxd6 Nxe4 27.
Rd4 Nc5 28. b4 Ne6 29. Rd5 Rfd8 30. Rfd1 Kf8 31. Kf2 Rxd5 32. Rxd5 Rd8 33.
Rxd8+ Nxd8 34. Nd5 Ne6 35. Ke3 Ke8 36. b3 Kd7 37. c4 Kd6 38. Nc3 Kc6 39. Ke4 h5
40. Ne2 Nc7 41. Ke5 h4 42. Nd4+ Kd7 43. Nf5 f6+ 44. Ke4 g5 45. Nd4 Ke7 46. Kf5
Kf7 47. Nc6 Ne6 48. Ke4 Nc7 49. Nd8+ Ke7 50. Nb7 Ke6 51. Nc5+ Kd6 52. Kf5 Ke7
53. h3 Kf7 54. Ne4 Ne6 55. Nc5 Nxc5 56. cxb5 Nxb3 57. bxa6 Nd4+ 58. Ke4 Nb5 59.
Kd5 Nc7+ 60. Kc6 Nxa6 61. b5 Nb4+ 62. Kc5 Nd3+ 63. Kd6 Ne5 64. Kd5 Ke7 65. b6
Nd7 66. b7 f5 67. b8=Q Nxb8 68. Ke5 f4 69. Kf5 Nd7 70. Kxg5 Nf8 71. Kxf4 Kf6
72. Kg4 Ng6 73. g3 1/2-1/2

[Event "Memorial Nicola Palladino A"]
[Site "Milano ITA"]
[Date "2010.04.04"]
[Round "4"]
[White "Piantoni, Pierino"]
[Black "Illyuviev, Oleg"]
[Result "1-0"]
[WhiteElo "1943"]
[BlackElo "2031"]
[PlyCount "53"]
[EventDate "2010.04.01"]

1. d4 d5 2. Nf3 Nc6 3. Bf4 Bg4 4. Nbd2 Nf6 5. h3 Bh5 6. e3 e6 7. Be2 Bd6 8. Ne5
Bxe5 9. dxe5 Bxe2 10. Qxe2 Nd7 11. Nf3 a5 12. O-O O-O 13. Rad1 Qe7 14. e4 Nb6
15. c3 a4 16. Bg5 Qe8 17. exd5 exd5 18. Rfe1 Ne7 19. Nd4 Nc4 20. b3 axb3 21.
axb3 Nb6 22. f4 Nc6 23. Nf5 Qe6 24. Nxg7 Kxg7 25. Bf6+ Kh6 26. Qf2 Qf5 27. g4
1-0

[Event "Memorial Nicola Palladino A"]
[Site "Milano ITA"]
[Date "2010.04.04"]
[Round "4"]
[White "Rossi, Giampiero"]
[Black "Olivieri, Alessandro"]
[Result "0-1"]
[WhiteElo "1914"]
[BlackElo "1938"]
[PlyCount "114"]
[EventDate "2010.04.01"]

1. d4 Nf6 2. c4 g6 3. g3 Bg7 4. Bg2 d6 5. Nc3 O-O 6. Nf3 Nc6 7. O-O a6 8. h3
Bd7 9. e4 e5 10. d5 Ne7 11. Ne1 Nh5 12. Nd3 b6 13. Qe2 f5 14. Bg5 h6 15. Bxe7
Qxe7 16. Rfe1 Qf7 17. Rad1 f4 18. g4 f3 19. Bxf3 Qxf3 20. Qxf3 Rxf3 21. gxh5
gxh5 22. Kg2 Rxh3 23. Rh1 Rxh1 24. Rxh1 Be8 25. Ne2 Bg6 26. f3 Bf6 27. Nf2 h4
28. b3 Bg5 29. Ng4 Kf7 30. Rf1 Rg8 31. Nf2 Bh5 32. Nh3 Be3+ 33. Kh2 Ke7 34.
Nhg1 b5 35. cxb5 axb5 36. Rb1 b4 37. Rd1 Kd7 38. Rd3 Bf2 39. Rd1 Be3 40. Rd3
Bb6 41. Rd1 Bf2 42. Rf1 Bg3+ 43. Nxg3 Rxg3 44. Rf2 c6 45. dxc6+ Kxc6 46. Rc2+
Kb5 47. Rd2 Bxf3 48. Nxf3 Rxf3 49. Rxd6 Rf2+ 50. Kh3 Rxa2 51. Rd5+ Kc6 52. Rxe5
Rb2 53. Re6+ Kc5 54. Kxh4 Rxb3 55. Rxh6 Re3 56. Kg4 Rxe4+ 57. Kf3 Re7 0-1

[Event "Memorial Nicola Palladino A"]
[Site "Milano ITA"]
[Date "2010.04.05"]
[Round "5"]
[White "Arboscelli, Gregorio"]
[Black "Gonella, Daniele"]
[Result "0-1"]
[WhiteElo "1848"]
[BlackElo "1918"]
[PlyCount "108"]
[EventDate "2010.04.01"]

1. d4 d5 2. c4 e6 3. Nc3 c6 4. cxd5 exd5 5. Nf3 Nf6 6. Bg5 Be7 7. e3 Bf5 8. Bd3
Bxd3 9. Qxd3 Nbd7 10. O-O O-O 11. Rab1 Re8 12. b4 Ne4 13. Bxe7 Qxe7 14. a4 a6
15. Rfc1 b5 16. axb5 axb5 17. Nd2 Nxd2 18. Qxd2 Nb6 19. Nd1 Nc4 20. Qe1 f5 21.
Nb2 f4 22. Nxc4 bxc4 23. Rc3 Rab8 24. Ra3 Qg5 25. Qe2 fxe3 26. Rxe3 Rxe3 27.
Qxe3 Qxe3 28. fxe3 Kf7 29. Kf2 Ke6 30. Kf3 Rb7 31. g4 g6 32. h3 h6 33. Rb2 Kd6
34. Rb1 Kc7 35. e4 dxe4+ 36. Kxe4 Kd6 37. Rb2 Re7+ 38. Kf3 Kd5 39. b5 cxb5 40.
Rxb5+ Kxd4 41. Rb8 Re6 42. Rd8+ Kc3 43. Rc8 g5 44. Rc7 Kd3 45. Rd7+ Kc2 46. Rc7
c3 47. Rc8 Rd6 48. Ke2 Rd3 49. Rc6 Rxh3 50. Ke1 Rh4 51. Ke2 Rxg4 52. Rxh6 Rc4
53. Ke3 Rc8 54. Rh2+ Kb3 0-1

[Event "Memorial Nicola Palladino A"]
[Site "Milano ITA"]
[Date "2010.04.05"]
[Round "5"]
[White "Battistella, Stefano"]
[Black "Attuati, Stefano"]
[Result "1-0"]
[WhiteElo "2095"]
[BlackElo "1848"]
[PlyCount "23"]
[EventDate "2010.04.01"]

1. Nf3 d5 2. c4 c6 3. b3 Bf5 4. Bb2 e6 5. g3 h6 6. Bg2 Nf6 7. O-O Bd6 8. d3
Nbd7 9. cxd5 exd5 10. e4 dxe4 11. dxe4 Nxe4 12. Nh4 1-0

[Event "Memorial Nicola Palladino A"]
[Site "Milano ITA"]
[Date "2010.04.05"]
[Round "5"]
[White "Borin, Fabio"]
[Black "Cani, Gazmir"]
[Result "0-1"]
[WhiteElo "2107"]
[BlackElo "2027"]
[PlyCount "80"]
[EventDate "2010.04.01"]

1. d4 Nf6 2. c4 g6 3. Nc3 d5 4. Bg5 Ne4 5. Bf4 Nxc3 6. bxc3 Bg7 7. e3 O-O 8.
Nf3 c5 9. cxd5 Qxd5 10. Be2 cxd4 11. cxd4 Nc6 12. O-O Bf5 13. Qa4 a6 14. Rfc1
b5 15. Qa3 Rfc8 16. Rc5 b4 17. Qb2 Qxc5 18. Qb3 Qc3 19. Qd1 Na5 20. Nh4 Bc2 21.
Qf1 Nc4 22. Bf3 Nd2 23. Qc1 Nxf3+ 24. Nxf3 a5 25. h4 Be4 26. Qd1 Bxf3 27. gxf3
h5 28. Bg5 e6 29. Be7 Ra7 30. Bd6 Rd7 31. Bg3 a4 32. Rb1 Qc2 33. Qe1 b3 34.
axb3 axb3 35. Bf4 b2 36. e4 Bxd4 37. Kh1 Bxf2 38. Qf1 e5 39. Bg5 Bxh4 40. f4
Qxb1 0-1

[Event "Memorial Nicola Palladino A"]
[Site "Milano ITA"]
[Date "2010.04.05"]
[Round "5"]
[White "Cerasi, Umberto"]
[Black "Bemporad, Filippo"]
[Result "0-1"]
[WhiteElo "2046"]
[BlackElo "2057"]
[PlyCount "92"]
[EventDate "2010.04.01"]

1. e4 c5 2. Nf3 d6 3. Nc3 Nc6 4. d4 cxd4 5. Nxd4 e6 6. Be2 Nf6 7. Be3 Be7 8.
O-O O-O 9. f4 a6 10. a4 Qc7 11. Nb3 b6 12. g4 Nd7 13. Qe1 Bb7 14. Qg3 Nb4 15.
Rac1 d5 16. exd5 Nxd5 17. Nxd5 Bxd5 18. Bf3 Bxf3 19. Qxf3 Nc5 20. Nxc5 Bxc5 21.
Bxc5 Qxc5+ 22. Qf2 Rac8 23. Qxc5 Rxc5 24. c3 g6 25. Rcd1 Rc4 26. Ra1 Rd8 27. h3
Rd2 28. Rf2 Rxf2 29. Kxf2 Rxf4+ 30. Ke3 g5 31. b3 f5 32. Rd1 fxg4 33. hxg4 Rxg4
34. Rd6 Rg3+ 35. Kd4 h5 36. Rxe6 Kg7 37. Rxb6 h4 38. Rb7+ Kg6 39. Rb6+ Kh5 40.
Rxa6 h3 41. Ra8 g4 42. a5 Rg2 43. a6 Ra2 44. a7 g3 45. Rh8+ Kg4 46. Ke3 h2 0-1

[Event "Memorial Nicola Palladino A"]
[Site "Milano ITA"]
[Date "2010.04.05"]
[Round "5"]
[White "Colovic, Aleksandar"]
[Black "Angelini, Marco"]
[Result "1/2-1/2"]
[WhiteElo "2464"]
[BlackElo "2046"]
[PlyCount "88"]
[EventDate "2010.04.01"]

1. d4 Nf6 2. Nf3 e6 3. g3 b6 4. Bg2 Bb7 5. c4 c5 6. d5 d6 7. Nc3 e5 8. O-O g6
9. e4 Bg7 10. Ne1 O-O 11. Nd3 Qe7 12. Bg5 h6 13. Bd2 Nbd7 14. Qc2 a6 15. b3
Rfc8 16. a3 Rab8 17. Qa2 Rc7 18. Rac1 Bc8 19. b4 b5 20. cxb5 axb5 21. Rb1 Ba6
22. Rfc1 c4 23. Nb2 Nb6 24. a4 bxa4 25. b5 Bc8 26. Nbxa4 Nxa4 27. Qxa4 Nd7 28.
Qb4 f5 29. Na4 fxe4 30. Rxc4 Rxc4 31. Qxc4 Nf6 32. b6 Bf5 33. Rc1 Qb7 34. Be3
Qxd5 35. Qc7 Rb7 36. Qd8+ Kh7 37. Bf1 Rd7 38. Qb8 Qb3 39. Qa8 Be6 40. Rc7 Rxc7
41. bxc7 Qc2 42. Nc5 dxc5 43. c8=Q Bxc8 44. Qxc8 Nd5 1/2-1/2

[Event "Memorial Nicola Palladino A"]
[Site "Milano ITA"]
[Date "2010.04.05"]
[Round "5"]
[White "Di Chiara, Mauro"]
[Black "Guzzetti, Luigi Enrico"]
[Result "1-0"]
[WhiteElo "1868"]
[BlackElo "1879"]
[PlyCount "134"]
[EventDate "2010.04.01"]

1. d4 Nf6 2. Nf3 g6 3. c4 Bg7 4. Nc3 O-O 5. e4 d6 6. Be2 c5 7. d5 e6 8. h3 exd5
9. cxd5 a6 10. a4 Qe7 11. Qc2 Re8 12. Bg5 h6 13. Bh4 Nbd7 14. Nd2 g5 15. Bg3
Ne5 16. O-O g4 17. f4 gxf3 18. Nxf3 Nxf3+ 19. Bxf3 Nd7 20. Rae1 Qg5 21. Bxd6
Bd4+ 22. Kh1 Nf8 23. Bd1 Ng6 24. Ne2 Bg7 25. Bxc5 Be5 26. Qc1 Qh4 27. Bf2 Qxe4
28. Nc3 Qc4 29. Qxh6 Bd7 30. Be3 Bg7 31. Qg5 Re5 32. Qg3 Rae8 33. Bd2 Rxe1 34.
Rxe1 Rxe1+ 35. Qxe1 Bxc3 36. Bxc3 Qxd5 37. Bf3 Qc4 38. Bxb7 Qxa4 39. Qd2 Qb5
40. Qd4 Qf1+ 41. Kh2 Qf4+ 42. Qxf4 Nxf4 43. Bxa6 Kh7 44. Kg3 Nh5+ 45. Kh4 Nf4
46. g4 Kg6 47. Kg3 Nd5 48. Bd3+ Kh6 49. Bc4 Be6 50. Bxd5 Bxd5 51. Kf4 Kg6 52.
b4 Bc6 53. h4 Bd7 54. h5+ Kh6 55. Bf6 Kh7 56. g5 Bb5 57. Ke5 Kg8 58. Kd6 Kf8
59. h6 Bd3 60. b5 Kg8 61. b6 Be4 62. Kc7 Kh7 63. b7 Bxb7 64. Kxb7 Kg8 65. Kc7
Kh7 66. Kd7 Kg8 67. Ke8 Kh7 1-0

[Event "Memorial Nicola Palladino A"]
[Site "Milano ITA"]
[Date "2010.04.05"]
[Round "5"]
[White "Formento, Paolo"]
[Black "Di Lascio, Savino"]
[Result "1-0"]
[WhiteElo "1858"]
[BlackElo "1925"]
[PlyCount "167"]
[EventDate "2010.04.01"]

1. e4 c6 2. Nf3 d5 3. Nc3 dxe4 4. Nxe4 Nf6 5. Nxf6+ gxf6 6. d4 Bf5 7. Bd3 Nd7
8. Bxf5 Qa5+ 9. c3 Qxf5 10. Qe2 h5 11. Be3 Nb6 12. O-O-O a5 13. b3 e6 14. Kb2
a4 15. Qd3 Qa5 16. Ra1 Nd5 17. b4 a3+ 18. Kc1 Qc7 19. Rb1 b5 20. Rb3 h4 21. Kb1
Bh6 22. Qd2 Bg7 23. Qc1 e5 24. Rxa3 Rxa3 25. Qxa3 e4 26. Ne1 f5 27. Qc1 f4 28.
Bd2 f5 29. Nc2 Qd6 30. Qe1 Kd7 31. Qe2 Qg6 32. f3 e3 33. Be1 Ra8 34. Kb2 Qe6
35. a4 Rxa4 36. Bxh4 Ra2+ 37. Kc1 Nxc3 38. Qd3 Nd5 39. g4 fxg3 40. hxg3 Nxb4
41. Nxb4 Ra1+ 42. Kc2 Rxh1 43. d5 Rh2+ 44. Kc1 Qd6 45. dxc6+ Kc7 46. Bd8+ Qxd8
47. Na6+ Kxc6 48. Qxd8 e2 49. Qc7+ Kd5 50. Qd7+ Kc4 51. Qf7+ Kd3 52. Nc5+ Ke3
53. Qe6+ Kf2 54. Nd3+ Kf1 55. Qe3 Bc3 56. f4 e1=Q+ 57. Nxe1 Bxe1 58. Qd3+ Kg2
59. Qxf5 Bxg3 60. Qe4+ Kh3 61. f5 Rf2 62. Qe6 Bf4+ 63. Kb1 Rf1+ 64. Kc2 Rf2+
65. Kb3 Rf3+ 66. Kb4 Bd2+ 67. Kxb5 Bc3 68. f6+ Kg3 69. f7 Kf2 70. Qb6+ Kf1 71.
Qd6 Bg7 72. Qd1+ Kf2 73. Qd2+ Kf1 74. Qc1+ Kg2 75. Qc7 Rb3+ 76. Ka4 Rf3 77.
Qc2+ Kf1 78. Qg6 Bf8 79. Qb1+ Kf2 80. Qg6 Ba3 81. Qb6+ Kg3 82. Qg1+ Kf4 83. Qg7
Ke4 84. Qg4+ 1-0

[Event "Memorial Nicola Palladino A"]
[Site "Milano ITA"]
[Date "2010.04.05"]
[Round "5"]
[White "Giacometto, Mario"]
[Black "Olivieri, Alessandro"]
[Result "1/2-1/2"]
[WhiteElo "1972"]
[BlackElo "1938"]
[PlyCount "105"]
[EventDate "2010.04.01"]

1. e4 d6 2. d4 Nf6 3. Nc3 g6 4. Bg5 Bg7 5. Qd2 h6 6. Bf4 g5 7. Bg3 Nh5 8. Nge2
Nc6 9. O-O-O Nxg3 10. hxg3 e5 11. d5 Ne7 12. f3 Ng6 13. g4 Bd7 14. Ng3 Nf4 15.
Nf5 Bxf5 16. gxf5 g4 17. Bb5+ Kf8 18. fxg4 h5 19. Kb1 hxg4 20. Rxh8+ Bxh8 21.
Qf2 Qg5 22. Be2 Bf6 23. Qg3 Ke7 24. Rh1 a6 25. Bd1 Rg8 26. a3 Nh5 27. Qd3 Nf4
28. Qg3 Nh5 29. Qe1 Nf4 30. Qg1 b6 31. Qf2 g3 32. Qf1 b5 33. Bf3 Qg7 34. a4 b4
35. Na2 a5 36. Qa6 Rh8 37. Rxh8 Qxh8 38. Qf1 Qh2 39. c3 bxc3 40. Nxc3 Qh8 41.
Nb5 Qb8 42. Qc4 Kd8 43. Kc2 Qb6 44. Kb3 Kd7 45. Ka2 Qc5 46. Qxc5 dxc5 47. Na7
Nd3 48. Bg4 Nf2 49. Bf3 Nd3 50. Bg4 Nf4 51. Bf3 Nd3 52. Bg4 Nf4 53. Bf3 1/2-1/2

[Event "Memorial Nicola Palladino A"]
[Site "Milano ITA"]
[Date "2010.04.05"]
[Round "5"]
[White "Illyuviev, Oleg"]
[Black "Pelizzola, Danilo"]
[Result "0-1"]
[WhiteElo "2031"]
[BlackElo "2106"]
[PlyCount "84"]
[EventDate "2010.04.01"]

1. c4 Nf6 2. Nc3 g6 3. g3 Bg7 4. Bg2 d6 5. Nf3 Nbd7 6. O-O c6 7. e4 O-O 8. d4
Qc7 9. h3 Rb8 10. c5 dxc5 11. Bf4 e5 12. Nxe5 Nh5 13. Nxd7 Nxf4 14. Nxf8 Nxg2
15. Nxg6 Ne3 16. Ne7+ Kf8 17. Qd3 Bxh3 18. Qxe3 cxd4 19. Ned5 cxd5 20. Nxd5
dxe3 21. Nxc7 Rc8 22. Rac1 Bxf1 23. Kxf1 Kg8 24. f4 Bxb2 25. Rb1 Bd4 26. Nb5
Bb6 27. Rb2 Rc1+ 28. Kg2 Rd1 29. Re2 Rd3 30. e5 f6 31. Nd6 fxe5 32. fxe5 Rd5
33. Nc4 Bd4 34. e6 Kf8 35. Kf3 Rc5 36. Nxe3 Rc3 37. Ke4 Rxe3+ 38. Rxe3 Bxe3 39.
Kxe3 Ke7 40. Kd4 Kxe6 41. Kc5 Ke5 42. a4 h5 0-1

[Event "Memorial Nicola Palladino A"]
[Site "Milano ITA"]
[Date "2010.04.05"]
[Round "5"]
[White "Krstic, Dragan"]
[Black "Rossi, Giampiero"]
[Result "1/2-1/2"]
[WhiteElo "1763"]
[BlackElo "1914"]
[PlyCount "138"]
[EventDate "2010.04.01"]

1. e4 c5 2. Nf3 e6 3. d3 d6 4. g3 Nc6 5. Bg2 g6 6. O-O Bg7 7. c3 Nge7 8. Re1
O-O 9. Bg5 f6 10. Be3 e5 11. a3 b6 12. d4 Bg4 13. Qb3+ Kh8 14. dxc5 dxc5 15.
Nbd2 Na5 16. Qa2 Qd7 17. Rad1 Qe6 18. Qxe6 Bxe6 19. Bf1 Rad8 20. b4 cxb4 21.
cxb4 Nac6 22. Nc4 Rxd1 23. Rxd1 Rd8 24. Rxd8+ Nxd8 25. Nd6 Kg8 26. Nb5 Nc8 27.
Nc7 Bg4 28. Bc4+ Kf8 29. Nd2 Nd6 30. Bd5 Ke7 31. Nc4 Nxc4 32. Bxc4 Nb7 33. Bg8
h6 34. f3 Bd7 35. Bc4 Nd6 36. Bb3 f5 37. Nd5+ Kd8 38. Nc3 fxe4 39. fxe4 Bc6 40.
Bc2 Nc4 41. Bc1 g5 42. Kf2 Bf8 43. Bd3 Nd6 44. Kf3 Ke7 45. Bb2 Bg7 46. b5 Bb7
47. a4 h5 48. h3 Ke6 49. Ba3 Bf8 50. Bc1 Be7 51. g4 h4 52. Ke3 Kf6 53. Nb1 Kg6
54. Nd2 Bc8 55. Bb2 Bf6 56. Nf3 Be6 57. Nxe5+ Bxe5 58. Bxe5 Nc4+ 59. Bxc4 Bxc4
60. Kf2 Bb3 61. Bb8 Bxa4 62. Bxa7 Bxb5 63. e5 Kf7 64. Bxb6 Ke6 65. Be3 Kxe5 66.
Bxg5 Bd7 67. Bxh4 Kf4 68. Kg2 Bc6+ 69. Kf2 Bd7 1/2-1/2

[Event "Memorial Nicola Palladino A"]
[Site "Milano ITA"]
[Date "2010.04.05"]
[Round "5"]
[White "Nepi, Ezio"]
[Black "Kruis, Rudy"]
[Result "0-1"]
[WhiteElo "1852"]
[BlackElo "1938"]
[PlyCount "82"]
[EventDate "2010.04.01"]

1. d4 f5 2. Nc3 b6 3. e4 fxe4 4. Nxe4 g6 5. Nf3 Bb7 6. Bd3 Bg7 7. Qe2 Nh6 8.
Nf6+ Bxf6 9. Bxh6 e6 10. h4 Qe7 11. h5 g5 12. O-O-O Nc6 13. c3 O-O-O 14. Ba6
Rde8 15. Bxb7+ Kxb7 16. Qd2 Rhg8 17. g4 Nd8 18. Ne5 d6 19. Nc4 Nf7 20. Qd3 Nxh6
21. Na5+ bxa5 22. Qb5+ Kc8 23. Qc6 d5 24. Qa6+ Kd8 25. Rde1 Qd6 26. Qb5 Qb6 27.
Qd3 Rg7 28. Rh3 Kd7 29. Rf3 Be7 30. Rfe3 Bd6 31. Rf3 Nxg4 32. Rh1 Bf4+ 33. Rxf4
gxf4 34. h6 Rg6 35. Qd2 Rf8 36. Rh4 c5 37. Qc2 cxd4 38. Rxg4 Rxg4 39. Qxh7+ Kd6
40. Qd3 dxc3 41. bxc3 Qxf2 0-1

[Event "Memorial Nicola Palladino A"]
[Site "Milano ITA"]
[Date "2010.04.05"]
[Round "5"]
[White "Profumo, Alberto"]
[Black "Piantoni, Pierino"]
[Result "1-0"]
[WhiteElo "2191"]
[BlackElo "1943"]
[PlyCount "69"]
[EventDate "2010.04.01"]

1. Nf3 Nf6 2. c4 b6 3. g3 Bb7 4. Bg2 e6 5. O-O Be7 6. Nc3 O-O 7. d4 Ne4 8. Qc2
f5 9. Ne5 Nd6 10. e4 Nc6 11. Nxc6 Bxc6 12. d5 exd5 13. cxd5 Bb7 14. e5 Ne4 15.
Nxe4 fxe4 16. Bxe4 Bc5 17. Bd2 Kh8 18. b4 Bd4 19. Bc3 Bxc3 20. Qxc3 Ba6 21.
Rfe1 Qg5 22. Bg2 Rac8 23. Rac1 Bb5 24. Qe3 Qe7 25. a3 c6 26. h4 Qf7 27. e6 dxe6
28. dxe6 Qf6 29. e7 Rfe8 30. Qe5 Qxe5 31. Rxe5 Rc7 32. Rxb5 Rcxe7 33. Bxc6 Rc8
34. Rd5 Rb7 35. b5 1-0

[Event "Memorial Nicola Palladino A"]
[Site "Milano ITA"]
[Date "2010.04.05"]
[Round "5"]
[White "Virzi, Ettore"]
[Black "Astengo, Corrado"]
[Result "1/2-1/2"]
[WhiteElo "1999"]
[BlackElo "2136"]
[PlyCount "78"]
[EventDate "2010.04.01"]

1. e4 c5 2. Nf3 e6 3. d4 cxd4 4. Nxd4 a6 5. Bd3 Nc6 6. Nxc6 dxc6 7. Nd2 e5 8.
Nb3 Nf6 9. Qe2 Be6 10. h3 a5 11. Be3 a4 12. Nd2 Qc7 13. O-O Be7 14. Nf3 h6 15.
Bc4 Bxc4 16. Qxc4 O-O 17. Rfd1 a3 18. Qb3 Ra6 19. Rab1 Nxe4 20. bxa3 b5 21. Qd3
Nf6 22. Qc3 e4 23. Qe5 Qxe5 24. Nxe5 Bxa3 25. Nd7 Nxd7 26. Rxd7 Re8 27. Rb3 Be7
28. c4 b4 29. c5 Rxa2 30. Rxb4 Bf6 31. Rbb7 Be5 32. g3 Re6 33. Rxf7 Rg6 34.
Rfe7 Bxg3 35. fxg3 Rxg3+ 36. Kf1 Rf3+ 37. Kg1 Rg3+ 38. Kf1 Rf3+ 39. Kg1 Rg3+
1/2-1/2

[Event "Memorial Nicola Palladino A"]
[Site "Milano ITA"]
[Date "2010.04.06"]
[Round "6"]
[White "Bemporad, Filippo"]
[Black "Astengo, Corrado"]
[Result "1/2-1/2"]
[WhiteElo "2057"]
[BlackElo "2136"]
[PlyCount "46"]
[EventDate "2010.04.01"]

1. d4 d5 2. Nf3 Nf6 3. g3 Bf5 4. Bg2 e6 5. O-O Bd6 6. c4 c6 7. Nc3 Nbd7 8. Nd2
O-O 9. e4 dxe4 10. Ndxe4 Nxe4 11. Nxe4 Bc7 12. Bg5 f6 13. Bd2 Nb6 14. Bb4 Re8
15. Rc1 Kh8 16. b3 e5 17. dxe5 Bxe5 18. Nd6 Bxd6 19. Bxd6 Qd7 20. c5 Nd5 21.
Qd2 Be4 22. Rfe1 Bxg2 23. Kxg2 h6 1/2-1/2

[Event "Memorial Nicola Palladino A"]
[Site "Milano ITA"]
[Date "2010.04.06"]
[Round "6"]
[White "Cani, Gazmir"]
[Black "Colovic, Aleksandar"]
[Result "0-1"]
[WhiteElo "2027"]
[BlackElo "2464"]
[PlyCount "43"]
[EventDate "2010.04.01"]

1. d4 Nf6 2. Bg5 e6 3. e4 h6 4. Bxf6 Qxf6 5. Nf3 d6 6. Nc3 Nd7 7. Qd2 c6 8.
O-O-O e5 9. h4 Be7 10. Kb1 O-O 11. Be2 Nb6 12. Qe3 Re8 13. d5 Bg4 14. dxc6 bxc6
15. Nd2 Be6 16. g3 Nd7 17. Nb3 a5 18. g4 a4 19. g5 hxg5 20. hxg5 Qf4 21. Qxf4
exf4 22. Nd4 {...} 0-1

[Event "Memorial Nicola Palladino A"]
[Site "Milano ITA"]
[Date "2010.04.06"]
[Round "6"]
[White "Di Lascio, Savino"]
[Black "Di Chiara, Mauro"]
[Result "1-0"]
[WhiteElo "1925"]
[BlackElo "1868"]
[PlyCount "89"]
[EventDate "2010.04.01"]

1. e4 d6 2. Nf3 Nf6 3. Nc3 g6 4. d4 Bg7 5. Bc4 O-O 6. Bf4 c6 7. Qd2 Nbd7 8. h4
d5 9. exd5 Nb6 10. Bb3 Nbxd5 11. Nxd5 Nxd5 12. Bh6 Qd6 13. O-O-O Bxh6 14. Qxh6
Qf4+ 15. Qxf4 Nxf4 16. Ne5 Be6 17. Bxe6 Nxe6 18. h5 Rad8 19. c3 Nf4 20. hxg6
hxg6 21. Rh2 f6 22. Nc4 c5 23. g3 Nh5 24. dxc5 Rxd1+ 25. Kxd1 Rd8+ 26. Nd2 a5
27. Rh4 Rd5 28. b4 Ng7 29. Kc2 Nf5 30. Re4 axb4 31. cxb4 Nd4+ 32. Kc3 Nb5+ 33.
Kc4 Rxd2 34. Kxb5 Rxa2 35. Rxe7 Rxf2 36. Rxb7 Kf8 37. c6 Ke8 38. Rd7 Rb2 39.
Rd5 Ra2 40. c7 Ra8 41. Kb6 Ke7 42. Kb7 Rf8 43. c8=Q Rxc8 44. Kxc8 Ke6 45. Rd3
1-0

[Event "Memorial Nicola Palladino A"]
[Site "Milano ITA"]
[Date "2010.04.06"]
[Round "6"]
[White "Giacometto, Mario"]
[Black "Cerasi, Umberto"]
[Result "1-0"]
[WhiteElo "1972"]
[BlackElo "2046"]
[PlyCount "69"]
[EventDate "2010.04.01"]

1. e4 c5 2. Nf3 a6 3. Nc3 e6 4. d4 cxd4 5. Nxd4 Qc7 6. g3 Bb4 7. Nde2 Nf6 8.
Bg2 Nc6 9. O-O b5 10. a3 Be7 11. h3 Bb7 12. Bf4 d6 13. Kh2 O-O 14. Be3 Rfd8 15.
f4 Na5 16. b3 Rac8 17. Rc1 Rd7 18. Qe1 d5 19. e5 Ne4 20. Bxe4 dxe4 21. Qf2 Bd8
22. a4 Qc6 23. axb5 axb5 24. f5 b4 25. Na4 exf5 26. Qxf5 g6 27. Qf4 Bc7 28. Qg4
Re7 29. Nd4 Qe8 30. Nf5 Rxe5 31. Nh6+ Kg7 32. Rxf7+ Kh8 33. Bd4 Nc6 34. Bb2 Qd8
35. Rd1 1-0

[Event "Memorial Nicola Palladino A"]
[Site "Milano ITA"]
[Date "2010.04.06"]
[Round "6"]
[White "Gonella, Daniele"]
[Black "Borin, Fabio"]
[Result "0-1"]
[WhiteElo "1918"]
[BlackElo "2107"]
[PlyCount "106"]
[EventDate "2010.04.01"]

1. e4 d6 2. d4 Nf6 3. Nc3 Nbd7 4. Nf3 e5 5. dxe5 dxe5 6. Bg5 Bb4 7. Bd3 h6 8.
Bd2 c6 9. O-O g5 10. Ne2 Bd6 11. Bc3 Qc7 12. Ng3 Nc5 13. Nd2 Na4 14. Nc4 Nxc3
15. Nxd6+ Qxd6 16. bxc3 Qc5 17. Qf3 Ke7 18. c4 Bg4 19. Nf5+ Kf8 20. Qe3 Nd7 21.
Qxc5+ Nxc5 22. Ne3 Be6 23. Rab1 b6 24. g3 Rd8 25. Rfd1 Rd7 26. f3 Ke7 27. g4
Rhd8 28. Bf1 Nb7 29. Rxd7+ Rxd7 30. Bd3 Kd6 31. Kf2 Kc5 32. Rg1 Na5 33. Rg3 f6
34. Rh3 Rh7 35. a3 Nxc4 36. Bxc4 Bxc4 37. Nf5 Be6 38. Nxh6 Kc4 39. Ke1 Kc3 40.
f4+ Kxc2 41. fxg5 fxg5 42. Rh5 Bxg4 43. Rxg5 Rxh6 44. Rxg4 Rxh2 45. Rg5 Rh4 46.
Rxe5 Kd3 47. Rg5 Rxe4+ 48. Kd1 Kc4 49. Rg7 a5 50. Rg6 Kb5 51. Rg5+ Ka4 52. Rg6
Rc4 53. Rg3 b5 0-1

[Event "Memorial Nicola Palladino A"]
[Site "Milano ITA"]
[Date "2010.04.06"]
[Round "6"]
[White "Guzzetti, Luigi Enrico"]
[Black "Krstic, Dragan"]
[Result "1-0"]
[WhiteElo "1879"]
[BlackElo "1763"]
[PlyCount "142"]
[EventDate "2010.04.01"]

1. e4 g6 2. d4 Bg7 3. Nf3 d6 4. Bd3 b6 5. O-O Bg4 6. c3 Nd7 7. Nbd2 e5 8. h3
Bxf3 9. Nxf3 Ne7 10. Bg5 O-O 11. Qd2 Re8 12. Bb5 Qc8 13. dxe5 Nxe5 14. Nxe5
Bxe5 15. Bxe8 Qxe8 16. f4 Bh8 17. Bxe7 Qxe7 18. Rae1 Re8 19. Qd5 a5 20. f5 Be5
21. Rf3 Kh8 22. fxg6 fxg6 23. Ref1 Qg5 24. Qf7 Rc8 25. Qe6 Rd8 26. Qg4 Qxg4 27.
hxg4 Kg8 28. Rf7 d5 29. Re7 Bd6 30. Re6 dxe4 31. Rxe4 Bc5+ 32. Kh2 Rd2 33. Rb1
Kg7 34. a4 Kf6 35. b4 axb4 36. cxb4 Bd6+ 37. Kh1 Ra2 38. b5 Kg5 39. Rc4 h6 40.
Rd1 Bg3 41. Rd5+ Kh4 42. g5+ Kh5 43. gxh6+ Kxh6 44. Rd1 Kh5 45. Rc3 Bf4 46. g3
Bh6 47. Rc4 Be3 48. Rd5+ g5 49. Rxc7 Rxa4 50. Re7 Bc5 51. Ree5 Rg4 52. Kg2 Bb4
53. Kf3 Bc3 54. Re7 Rd4 55. g4+ Kg6 56. Rxd4 Bxd4 57. Ke4 Bc5 58. Re6+ Kf7 59.
Kf5 Bf2 60. Rg6 Be3 61. Rxg5 Bd2 62. Rg6 Be3 63. Re6 Bd4 64. g5 Bc5 65. Rc6 Bd4
66. Rc7+ Kf8 67. Rb7 Kg8 68. Kg6 Kf8 69. Kh7 Ke8 70. g6 Kf8 71. g7+ Bxg7 1-0